000 00755nam a2200229Ia 4500
001 16010
003 GE_BSU
008 181216s||||||||xx |||||||||||||| ||und||
040 _cGE_BSU
080 _a821.353.1-31
100 _aჯაფარიძე, რევაზ
245 _aმძიმე ჯვარი : რომანი 4 წიგნად. წ. 4 : მუმლი მუხასა
245 _cრედ. ლ.აბაშიძე.მხ.დ.დუნდუა
260 _aთბილისი
260 _bმერანი
260 _c1981
300 _a604გვ.22სმ
653 _aმუმლი მუხასა
653 _aმძიმე ჯვარი
653 _aრომანი
942 _cBK
999 _c49103
_d49103